عرض عادي عرض مارك
  • Parker, David,

مدخل إسم شخص

عدد التسجيلات المستخدمة في: 1

001 - رقم الضبط

  • حقل الضبط: 5914

003 - معرف رقم الضبط

  • حقل الضبط: OSt

005 - تاريخ ووقت أخر عملية

  • حقل الضبط: 20111031162308.0

008 - عناصر بيانات ثابتة الطول

  • حقل تحكم ثابت الطول: 111031|||a|||||| | ||| d

040 ## - مصدر الفهرسة

  • هيئة الفهرسة الأصلية: OSt
  • وكالة الكتابة: OSt

100 ## - مدخل -- أسم شخص

  • إسم شخص: Parker, David,
  • تواريخ مرتبطة بالاسم: 1949 Sept. 28-

670 ## - بيانات المصدر موجوده

  • الاستشهاد بالمصدر: Work cat.: (OSt)709: Nellis, J. G. 5910, The essence of the economy /, 1996.